Conferencias y excursiones infantiles. (Record no. 166542)

MARC details
000 -LEADER
campo de control de longitud fija 00711nam a22001935i 4500
001 - NÚMERO DE CONTROL
campo de control 166542
003 - IDENTIFICADOR DE NÚMERO DE CONTROL
campo de control ES-MaACL
005 - FECHA Y HORA DE LA ÚLTIMA TRANSACCIÓN
campo de control 20250816092953.0
008 - DATOS DE LONGITUD FIJA--INFORMACIÓN GENERAL
campo de control de longitud fija 050914s1886 sp | |||||||| ||spa d
040 ## - FUENTE DE CATALOGACIÓN
Centro catalogador/agencia de origen CAM
Lengua de catalogación spa
Centro/agencia transcriptor CAM
100 1# - ENTRADA PRINCIPAL--NOMBRE DE PERSONA
Nombre de persona Torres y García, Román.
9 (RLIN) 133334
245 10 - MENCIÓN DEL TÍTULO
Título Conferencias y excursiones infantiles.
Número de parte o sección de la obra Segunda parte,
Nombre de parte o sección de la obra Higiene y economía doméstica /
Mención de responsabilidad, etc. por Román Torres y García.
260 ## - PUBLICACIÓN, DISTRIBUCIÓN, ETC.
Lugar de publicación, distribución, etc. Zaragoza :
Nombre del editor, distribuidor, etc. [s.n.],
Fecha de publicación, distribución, etc. 1886 (
Fabricante Tipografía de Comas, Hermanos)
300 ## - DESCRIPCIÓN FÍSICA
Extensión 163 p. ;
Dimensiones 16 cm.
650 #7 - PUNTO DE ACCESO ADICIONAL DE MATERIA--TÉRMINO DE MATERIA
Término de materia o nombre geográfico como elemento de entrada Economía doméstica
Fuente del encabezamiento o término embne
9 (RLIN) 135945
650 04 - PUNTO DE ACCESO ADICIONAL DE MATERIA--TÉRMINO DE MATERIA
Término de materia o nombre geográfico como elemento de entrada Higiene.
9 (RLIN) 13347
852 ## - LOCALIZACIÓN
Ubicación ES-MaACL
Número de control de estantería G-10157
Nota libre -- Enc. cart.
-- .- Donat. Ministerio de Fomento
Holdings
Estatus retirado Estado de pérdida Estado de daño No para préstamo Colección Biblioteca de origen Biblioteca actual Ubicación en estantería Fecha de adquisición Fuente de adquisición Total de préstamos Signatura topográfica completa Código de barras Visto por última vez Precio de reemplazo Tipo de ítem Koha
        Libros del s. XIX Biblioteca del Ateneo de Madrid Biblioteca del Ateneo de Madrid Sala Pecera Planta 3 17/01/2008     G-10157 1174672 23/02/2023 23/02/2023 Libro impreso antiguo